000
00333nam a2200133Ia 4500
008
240624s9999 xx 000 0 und d
041
_a
eng
082
_a
658.4 HOS
100
_a
HOSSAIN LIAQUAT
245
_a
ENTERPRISE RESOURCE PLANNING GLOBAL OPPO
260
_c
2002
_b
Idea Group Publishing
300
_a
300 : p.
365
_c
_b
30
999
_c
10625
_d
10625